000 00484nam a2200145Ia 4500
008 140724s9999 xx 000 0 und d
050 _aQA 76.5
_b.Sa196 2013
100 _aSan Miguel, Jonicel T.
245 _aBNT Auto detailing information system /
_cJonicel T. San Miguel.
260 _aLas PiƱas, Philippines :
_bSouthville International School and Colleges,
_cc2013.
300 _a147 p. :
_bill. ;
_c28 cm.
521 _aInformation Technology
942 _cTH
999 _c229179
_d229179